000 00976cam a22002531 4500
001 g 01001044
003 DLC
005 20260227111253.0
008 920515s1888 gw b 000 0 ger
010 _ag 01001044
035 _a(OCoLC)25819828
040 _aDLC
_cCSt
_dDLC
042 _apremarc
050 0 0 _aHD6978
_b.H2
100 1 _aHampke, Carl,
_d1863-
245 0 4 _aDas Ausgabebudget der Privatwwirtschaften.
_cVon Dr. Carl Hampke.
260 _aJena,
_bG. Fischer,
_c1888.
300 _a4 p. l., [v]-vi, 148, [1], lvii p.
_c24 cm.
490 0 _aSammlung nationalökonomischer und statistischer Abhandlungen des staatswissenschaftlichen Seminars zu Halle a.d.S.;
_v4. Bd., 6. Hft.
500 _a"Die Litteratur bezüglich der Erhebung von Ausgabebudget": p. 8-42.
504 _a"Die Litteratur über die Erhebung von Budgets zu bestimmte Spezialzwecken": p. 42-45.
500 _a[Full name: Paul Rudolf Carl Hampke]
650 0 _aCost and standard of living.
999 _c23634
_d23634